| 000 | 05357nkm0a2200517 4500 | ||
|---|---|---|---|
| 001 | RU\NLR\BIBL_A\011118259 | ||
| 005 | 20260408114220.0 | ||
| 035 | _a(NLR Aleph) 011118259 | ||
| 090 |
_a13513363 _c13513363 |
||
| 100 | _a20260118 rusy50 | ||
| 101 | 0 | _arus | |
| 102 | _aRU | ||
| 116 | _adiycxx vv ae | ||
| 135 | _acrcn 024anaba | ||
| 200 | 1 |
_aНет больше вражды _bИзоматериал _eСмолкли раздоры, проклятья, Стало привольней в груди... Снова друзья мы и братья, Новая жизнь впереди... _eпочтовая карточка |
|
| 210 |
_aМосква _cизд. А.Н.Г. _d[между 1914 и 1917] _gКлише и печать Торг. дома Генегар и Ко. |
||
| 215 |
_a1 л. _cцинкогр., хромолитогр. _d9х14 |
||
| 225 | 1 |
_aСерия 21 _v1 |
|
| 300 | _aСправа внизу факс. подписи художника и дата: "Апсит 1914" | ||
| 300 | _aИздатель А.Н.Г. - Алексей Николаевич Генегар установл. по изд.: Вся Москва ... на 1917 год. - Москва, 1917. - С. 111 (Отд. 3) | ||
| 311 | _aГрафический ориг. воспроизведен также в лубке (под загл.: Нет больше розни между братьями!!!), на открытке (под загл.: Нет больше розни между братьями!!!), на календар. стенке (без указания художника, под загл.: Календарь Отечественной войны. № 6) | ||
| 316 |
_aЭкз. РНБ на шифре Э ОИр638/1252/21-1, Эот98802: на адрес. стороне штемпель: "5 к." _5NLR: Э ОИр638/1252/21-1 |
||
| 325 | 1 | _aКопия доступна в электронной библиотеке РНБ | |
| 327 | 0 | _aРусский солдат, пожимающий руку поляку, одетому в национальный костюм и опирающемуся на саблю, рядом с которым стоит женщина | |
| 488 | 0 |
_1001RU\NLR\BIBL_A\011118258 _12001#$aНет больше розни между братьями!!!$bИзоматериал$eЛитвин, поляк, еврей и малоросс, Протянем друг другу мы руки, Забудем прошлую вражду и муки - Сомкнемся на врага в один коллос!$eпочтовая карточка _1210##$aМосква$cсоб. издания Типо-литографии "Виктория"$d[между 1914 и 1917] _913513362 _aАпсит, А. П. (художник ; 1880-1944) _cМосква _d[между 1914 и 1917] _nсоб. издания Типо-литографии "Виктория" _oЛитвин, поляк, еврей и малоросс, Протянем друг другу мы руки, Забудем прошлую вражду и муки - Сомкнемся на врага в один коллос! : почтовая карточка _p1 л. _tНет больше розни между братьями!!!: Изоматериал _uhttp://vivaldi.nlr.ru/lo000071293/view |
|
| 517 | 1 | _aСмолкли раздоры, проклятья, Стало привольней в груди... Снова друзья мы и братья, Новая жизнь впереди... | |
| 540 | 1 | _aСерия 21 | |
| 606 | 1 |
_aПервая мировая война _jОткрытки _yРоссия _z1914 - 1918 _9997215 _3RU\NLR\AUTH\6659821 |
|
| 606 | 1 |
_aПочтовые открытки маркированные художественные _yРоссия _z1895 - 1917 _92195710 _3RU\NLR\AUTH\6601555036 |
|
| 686 | 0 | _aЩ153(2Р=Рус)53-489 | |
| 700 | 1 |
_4040 _8rus _7ca _aАпсит _bА. П. _cхудожник _f1880-1944 _gАлександр Петрович _3RU\NLR\AUTH\7776659 _959587 |
|
| 712 | 0 | 0 |
_4650 _aГенегар, _gА., _hиздательство _cМосква _3RU\NLR\AUTH\8810149965 _9794519 |
| 712 | 0 | 2 |
_4610 _a"Генегар и Ко.", торговый дом _cМосква _3RU\NLR\AUTH\880369050 _9404779 |
| 830 | _aИсточник сведений о лубке "Нет больше розни между братьями!!!": http://vvpmv.shpl.ru/images/196.jpg (03.05.2016). А.Я. ОЭст | ||
| 856 | 0 | _uhttp://vivaldi.nlr.ru/lo000071294/view | |
| 856 | 1 | _uhttp://vivaldi.nlr.ru/lo000071294/cover | |
| 856 | 2 | _uhttp://vivaldi.nlr.ru/lo000071294/text | |
| 901 | _eИзографические материалы | ||
| 942 | _cVISUAL | ||
| 980 | _aNB | ||
| 981 | 2 | 2 |
_a(22) Материалы по истории России _b(22) Первая мировая война |
| 981 | 2 | 2 |
_a(22) Материалы по истории России _b(22) История России до 25 октября (7 ноября) 1917 года |
| 981 | 2 | 2 |
_a(22) Материалы по истории России _b(22) Изоматериалы |
| 981 | 1 | 7 |
_a(17) Изографические материалы _b(17) Открытки |